<?xml version="1.0" encoding="UTF-8"?>
<record
    xmlns:xsi="http://www.w3.org/2001/XMLSchema-instance"
    xsi:schemaLocation="http://www.loc.gov/MARC21/slim http://www.loc.gov/standards/marcxml/schema/MARC21slim.xsd"
    xmlns="http://www.loc.gov/MARC21/slim">

  <leader>01140nam a22002417a 4500</leader>
  <controlfield tag="001">9011</controlfield>
  <controlfield tag="003">FISKH</controlfield>
  <controlfield tag="005">20251114092736.0</controlfield>
  <controlfield tag="008">251114b        cb ||||| |||| 00| 0 eng d</controlfield>
  <datafield tag="020" ind1=" " ind2=" ">
    <subfield code="a">9780807746318</subfield>
  </datafield>
  <datafield tag="040" ind1=" " ind2=" ">
    <subfield code="a">FISKH</subfield>
    <subfield code="b">eng</subfield>
    <subfield code="c">FISKH</subfield>
    <subfield code="d">FISKH</subfield>
  </datafield>
  <datafield tag="050" ind1=" " ind2=" ">
    <subfield code="a">RA777.25 .S74</subfield>
  </datafield>
  <datafield tag="082" ind1=" " ind2=" ">
    <subfield code="a">613</subfield>
  </datafield>
  <datafield tag="100" ind1=" " ind2=" ">
    <subfield code="a">Steiner-Adair, Catherine </subfield>
  </datafield>
  <datafield tag="245" ind1=" " ind2=" ">
    <subfield code="a">Full of ourselves :</subfield>
    <subfield code="b">A wellness program to advan girl power, health, and leadership /</subfield>
    <subfield code="c">By Catherine Steiner-Adair and Lisa Sjostorm </subfield>
  </datafield>
  <datafield tag="260" ind1=" " ind2=" ">
    <subfield code="a">New York : </subfield>
    <subfield code="b">Teachers College Press , </subfield>
    <subfield code="c">2006.</subfield>
  </datafield>
  <datafield tag="300" ind1=" " ind2=" ">
    <subfield code="a">139 pages : </subfield>
    <subfield code="b">illustrations ;</subfield>
    <subfield code="c">28 cm . </subfield>
  </datafield>
  <datafield tag="520" ind1=" " ind2=" ">
    <subfield code="a">Educational program that aims to sustain girls in their mental, physical, and social health and to decrease their vulnerability to the development of body preoccupation and eating disorders. A primary prevention program for a general (healthy) population of girls. It has been used by schools, after-school programs, town libraries, summer camps, churches, and synagogues--Introd.
</subfield>
  </datafield>
  <datafield tag="650" ind1=" " ind2=" ">
    <subfield code="a">Youth development</subfield>
    <subfield code="v">Non-fiction</subfield>
  </datafield>
  <datafield tag="650" ind1=" " ind2=" ">
    <subfield code="a">Women's health</subfield>
    <subfield code="v">Non-fiction</subfield>
  </datafield>
  <datafield tag="942" ind1=" " ind2=" ">
    <subfield code="2">ddc</subfield>
    <subfield code="c">BK</subfield>
    <subfield code="n">0</subfield>
  </datafield>
  <datafield tag="999" ind1=" " ind2=" ">
    <subfield code="c">9011</subfield>
    <subfield code="d">9011</subfield>
  </datafield>
  <datafield tag="952" ind1=" " ind2=" ">
    <subfield code="0">0</subfield>
    <subfield code="1">0</subfield>
    <subfield code="2">ddc</subfield>
    <subfield code="4">0</subfield>
    <subfield code="7">0</subfield>
    <subfield code="8">REF</subfield>
    <subfield code="a">002</subfield>
    <subfield code="b">002</subfield>
    <subfield code="c">LSHTTP</subfield>
    <subfield code="d">2025-11-14</subfield>
    <subfield code="l">0</subfield>
    <subfield code="o">STE 613 RA777.25 .S74</subfield>
    <subfield code="p">2025-4798</subfield>
    <subfield code="r">2025-11-14 09:27:00</subfield>
    <subfield code="w">2025-11-14</subfield>
    <subfield code="y">BK</subfield>
  </datafield>
</record>
